000
00272nam a22000977a 4500
999
_c
531454
_d
531454
082
_a
A45:V5 KERA/2023-24
100
_a
Kerala State Electricity Regulatory Commission
_9
16853
245
_a
Annual report, 2023-24
260
_a
Trivandrum
_b
The author
_c
2023-24
300
_a
125p.